000 00732cam a2200217 a 4500
020 _a9780078029219
020 _a007802921X
040 _cDLC
082 0 0 _a658 MCG 2013 A114 Or.
100 1 _aNoe, Raymond A.
245 1 0 _aEmployee training and development /
250 _a6th ed.
260 _aNew York :
_bMcGraw-Hill/Irwin,
_cc2013.
300 _axviii, 524 p. :
_bill. ;
_c24 cm.
500 _aIncludes bibliographical references and index.
650 0 _aEmployees
856 4 2 _uhttp://www.loc.gov/catdir/enhancements/fy1215/2012026259-d.html
856 4 1 _uhttp://www.loc.gov/catdir/enhancements/fy1215/2012026259-t.html
856 4 2 _uhttp://www.loc.gov/catdir/enhancements/fy1513/2012026259-b.html
942 _cAEDBB
999 _c17448
_d17448